000
00187 a2200097 4500
001
41717
100
_a
Olden, M
245
_a
Dai sho
260
_a
Corgi
_b
Book
_c
090
_c
25838
_d
25838
942
_a
NUST-CAE
_c
M
_c
17600
999
_c
276790
_d
276790